000 00615nam a22001817a 4500
005 20251108163330.0
008 250721s2009 xx 000 0 ara d
082 1 4 _a615.882/رمض
100 1 _aرمضان، عيسى
245 1 0 _aالطب الأخضر و البديل من الأعشاب : علاج من الوصفات الشعبية بالأعشاب /
264 1 _aعمان :
_bدار البيت العتيق للنشر و التوزيع،
_c2009.
300 _a79ص.
650 1 7 _aالطب الشعبي
650 1 7 _aالعلاج
650 1 7 _aالنباتات الطبيه
942 _2ddc
_cBK
999 _c34
_d34